000 01008nam a22003257a 4500
001 000032866
003 CHAP
005 20220329135144.0
008 971013s1959 r 00010 d
010 _a31813
011 _a32785
035 _a36900
040 _cCHAP
090 _aFolleto 723
100 0 0 _aMartínez Estrada, Rafaél.
_972022
245 1 0 _aLocalización, capacidad y costo de los desagues.
260 _aVeracruz :
_bInstituto Tecnológico Azucarero Veracruz,
_c1959.
300 _a6 p. :
_b: ilus.
590 _aBATCH-UPD
_b10
_c20130110
_lUCH01
_h1422
590 _aBATCH-UPD
_b10
_c20130410
_lUCH01
_h0904
590 _aBATCH-UPD
_b10
_c20130914
_lUCH01
_h1221
590 _aCONVERSION
_b10
_c20130109
_lUCH01
_h1318
590 _aE5995AHE
_b05
_c20141114
_lUCH01
_h1039
650 1 4 _aDrenaje.
_934190
901 _aBK
942 _cFOLL
942 _n0
949 _aFolleto 723
_bBC
_cFOLL
_d-84812
_eTS2
_fc.2
_i36900
_si
949 _aFolleto 723
_bBC
_cFOLL
_d33724002136264
_eTS1
_i36900
_si
999 _c31813
_d31813